Cranial Nerves - 3 - Statistics

General Stats
  • This quiz has been taken 38 times
  • The average score is 9 of 18
Answer Stats
Hint Answer % Correct
What nerves supplies taste to the anterior 2/3rds of the tongue? Facial
87%
Which does the posterior 1/3rd? Glossopharyngeal
83%
Which nerve supplies it? Glossopharyngeal
83%
What nerve supplies the muscles of mastication? Trigeminal
80%
What nerves function is hearing and balance? Vestibulocochlear
77%
Which nerve is it instead innervated by? Vagus
60%
Z? Zygomatic
47%
M? Marginal mandibular
43%
The branches of the facial nerve from top to bottom go, TZBMC, what does the T stand for? Temporal
43%
Sternocleidomastoid and which other muscle are supplied by the spinal accessory nerve? Trapezius
43%
c? Foramen ovale
40%
Facial nerve suppies paraympathetics to all glands of the head except which? Parotid
40%
B? Buccal
37%
C? Cervical
37%
Cranial nerves 9, 10 and 11 all pass through one structure to exit the skull what is it? Jugular foramen
37%
The trigeminal is split into three branches a, b and c. What structure does a exit the skull through? Superior orbital fissure
33%
b? Foramen rotundum
30%
Which is the only muscle of the tongue to not be supplied by the hypoglossal nerve? Palatoglossus
27%
No matching quizzes found
Score Distribution
Percent of People with Each Score
Percentile by Number Answered
Your Score History
You have not taken this quiz